[Event "GER-chT School WK GS"]
[Site "Playchess.com INT"]
[Date "2020.06.11"]
[Round "3.2"]
[White "Gesing, Justus"]
[Black "Berbig, Georg"]
[Result "1-0"]
[WhiteElo "1545"]
[BlackElo "1414"]
[PlyCount "133"]
[EventDate "2020.06.11"]
[EventType "team-swiss (blitz)"]
[EventRounds "7"]
[EventCountry "GER"]
[SourceTitle "EXT 2021"]
[Source "ChessBase"]
[SourceDate "2020.10.23"]
[SourceVersion "1"]
[SourceVersionDate "2020.10.23"]
[SourceQuality "1"]
[WhiteTeam "Raesfeld NW"]
[BlackTeam "Weimar Th"]
[WhiteTeamCountry "GER"]
[BlackTeamCountry "GER"]

1. e4 d5 2. Nc3 d4 3. Nd5 e5 4. Nf3 c6 5. Nb4 Bxb4 6. Bc4 Bd6 7. d3 Nf6 8. Ng5 Be6 9. 0-0 Bxc4 10. dxc4 h6 11. Nf3 Nxe4 12. Re1 Nc5 13. Nxe5 Bxe5 14. Rxe5+ Ne6 15. Qf3 Qd6 16. Rf5 0-0 17. b3 d3 18. cxd3 Nd4 19. Qg4 Nxf5 20. Bb2 Nd7 21. Re1 g6 22. Qh3 Rfe8 23. Rb1 Qxd3 24. Qxd3 Ne5 25. Bxe5 Rxe5 26. h3 Rae8 27. Qc3 Re2 28. Ra1 c5 29. g4 Nd4 30. Rc1 Ne6 31. a4 Nf4 32. h4 R2e4 33. Kf1 Ne2 34. Qd2 Nxc1 35. Qxc1 Re1+ 36. Qxe1 Rxe1+ 37. Kxe1 Kg7 38. Ke2 h5 39. gxh5 gxh5 40. Kf3 Kg6 41. Kf4 f5 42. Ke5 b6 43. f4 a5 44. Ke6 Kg7 45. Kxf5 Kh6 46. Kf6 Kh7 47. Kf7 Kh6 48. f5 Kh7 49. f6 Kh6 50. Kg8 Kg6 51. f7 Kf5 52. f8Q+ Kg4 53. Qf6 Kh3 54. Kg7 Kg3 55. Qg5+ Kh3 56. Kh6 Kh2 57. Kxh5 Kh3 58. Qf6 Kh2 59. Qxb6 Kg3 60. Qxc5 Kh3 61. Qxa5 Kg3 62. Qc3+ Kh2 63. Kg4 Kg2 64. Qd2+ Kg1 65. Kf3 Kh1 66. Kg3 Kg1 67. Qg2# 1-0